Tilastot visalle Kappaleen nimi sanoituksissa #8

Klikkaa tästä pelataksesi tätä visaa!

Yleistilastot

  • Tätä visaa on pelattu 142 kertaa
  • Keskiarvotulos 10 / 20

Vastaustilastot

Sanat% Oikein
Mä oon öissä töissä, en missää myymälöissä / Vähän jäissä, {pienissä} {häissä}
95%
{Hei} {mummo}, mitä kuuluu sinne teille? / Me lomalla taas tullaan pohjoiseen
88%
Rankkasateessa eteeni mä en nää mitään / {Tässäkö} {tää} {oli}? / Levii Nelostielle lasten Monopoly
81%
Riittäisikö täällä / {Pettävällä} {jäällä} / Yksi jonka kanssa, ei yksinäinen oo
81%
Vain {tahroja} {paperilla}, älä siis suutu / Ei niistä asiat miksikään muutu
68%
{Titanic} rautavuori / {Titanic} rautakuori / Maine kauas kantautui
63%
Vaik olis miten hiton vaikeeta / Tietää, että kaiken pystyy korjaamaan / {Teipillä} {tai} {rakkaudella}
61%
Taas mennään {rahan} {takii} / Ei rakkaudest lajiin, vaan {rahan} {takii}
59%
{Viistäköön} {siipeni} {maata} paikalla olla en saata / Kun veri vetää tätä luontoa taas menemään
55%
Mullon taskussa {kakskytä} {centtiä} vain / Sinä siihen et suostu edes vilkaisemaan
53%
Mene ulos katsomaan mikä sää / {Mikä} {kesä}!
48%
Mut jos sä tahdot, niin kauan tää elää / Vien tän {äärirajoille}
33%
Siskon päätä huimaa taas / Sisko tahtoo humalaan / Sä lupasit, että {me} {ei} {kuolla} {koskaan}
31%
{Näiden} {tähtien} {alla} / Sua odottamalla / Mä kulutan aikaani uskoen
30%
Kun katselit mua {välitunnilla} / Ja seurasin sua kotiin illalla
29%
Kaikki muuttuu huomenna {sit} {ku} {mä} {oon} {vapaa} / Haluun muuttaa Suomesta {sit} {ku} {mä} {oon} {vapaa}
26%
Mä kaipaan bussin valoja / Kuin kuuta nousevaa / Olen etsimässä {valon} {pisaroita}
26%
Nyt on styylattu kuukaus / Niin {jykevää} {on} {rakkaus}
24%
Anna mulle ne {vastaukset} / Sä tiedät että mä tarviin ne
19%
Anna mun mennä / Mä {paikkani} {tiedän} / Se ei ole täällä
5%

Tulosjakauma

Persentiili vastausten määrän mukaan

Jokaisen tuloksen saaneiden osuus

Tuloshistoriasi

Et ole pelannut tätä visaa